Ninjas déserteurs dans Naruto - Statistiques

Statistiques générales
  • Ce quiz a été pris 52 fois
  • Le résultat moyen est 7 sur 30
Statistiques - réponses
Première apparition Village d'origine Ninjas déserteurs dans Naruto % Correct
Naruto Shippuden Iwa Deidara
68%
Naruto Konoha Orochimaru
54%
Naruto Shippuden Suna Sasori
54%
Naruto Konoha Itachi Uchiwa
51%
Naruto Kiri Haku
49%
Naruto Shippuden Ame Nagato
49%
Naruto Shippuden Ame Konan
44%
Naruto Shippuden Taki Kakuzu
41%
Naruto Konoha Sasuke Uchiwa
41%
Naruto Shippuden Yu Hidan
39%
Naruto Kiri Kisame Hoshigaki
29%
Naruto Shippuden Konoha Obito Uchiwa
29%
Naruto Kiri Zabuza Momochi
27%
Naruto Shippuden Konoha Madara Uchiwa
24%
Naruto Shippuden Kumo Ginkaku
17%
Naruto Shippuden Kumo Kinkaku
15%
Naruto Shippuden Kiri Suigetsu Hozuki
10%
Naruto Shippuden Kiri Utakata
10%
Naruto Konoha Kabuto Yakushi
7%
Naruto Konoha Mizuki
5%
Boruto Konoha Aniki
2%
Naruto Kiri Gozu
2%
Naruto Kiri Meizu
2%
Naruto Konoha Misumi Tsurugi
2%
Naruto Shippuden Suna Mukade
2%
Naruto Konoha Yoroi Akado
2%
Naruto Iwa Gantetsu
0%
Naruto Shippuden Ame Kandachi
0%
Boruto Konoha Oppo
0%
Boruto Konoha Teru
0%
Aucun quiz correspondant
Distribution des résultats
% des personnes avec chaque résultat
Percentile par nombre de réponses
Votre historique - résultats
Vous n’avez pas pris ce quiz